书目信息 |
| 题名: |
教学与思考
|
|
| 作者: | 张歌明 著 | |
| 分册: | ||
| 出版信息: | 北京 人民美术出版社 2006 |
|
| 页数: | 178页 | |
| 开本: | 29cm | |
| 丛书名: | 高等美术院校教师论丛 | |
| 单 册: | ||
| 中图分类: | J04 | |
| 科图分类: | ||
| 主题词: | 艺术--创作方法--研究 | |
| 电子资源: | ||
| ISBN: | 7-102-03476-8 | |
| 000 | 00973oam2 2200277 450 | |
| 001 | 012006012533 | |
| 005 | 20070807083643.75 | |
| 010 | @a7-102-03476-8@dCNY66.00 | |
| 100 | @a20060317d2006 em y0chiy0110 ea | |
| 101 | 0 | @achi |
| 102 | @aCN@b110000 | |
| 105 | @aa z 000yy | |
| 200 | 1 | @a教学与思考@9jiao xue yu si kao@e有意复杂@e艺术中的复杂性问题研究@f张歌明[著] |
| 210 | @a北京@c人民美术出版社@d2006 | |
| 215 | @a178页@c图@d29cm | |
| 225 | 2 | @a高等美术院校教师论丛 |
| 300 | @a清华大学美术学院 | |
| 330 | @a本书展示了复杂性理论在认识艺术发展和研究艺术规律方面的可能性和意义,具体包括艺术中复杂性问题的分析、复杂性理论与艺术的影响等问题。 | |
| 461 | 0 | @12001 @a高等美术院校教师论丛 |
| 517 | 1 | @a有意复杂@9you yi fu za |
| 517 | 1 | @a艺术中的复杂性问题研究@9yi shu zhong de fu za xing wen ti yan jiu |
| 606 | 0 | @a艺术@x创作方法@x研究 |
| 690 | @aJ04@v4 | |
| 701 | 0 | @a张歌明@9zhang ge ming@4著 |
| 801 | 0 | @aCN@bRENTIAN@c20070807 |
| 905 | @a10447@dJ04@e229 | |
| 教学与思考:有意复杂:艺术中的复杂性问题研究/张歌明[著].-北京:人民美术出版社,2006 |
| 178页:图;29cm.-(高等美术院校教师论丛) |
| 清华大学美术学院 |
| ISBN 7-102-03476-8:CNY66.00 |
| 本书展示了复杂性理论在认识艺术发展和研究艺术规律方面的可能性和意义,具体包括艺术中复杂性问题的分析、复杂性理论与艺术的影响等问题。 |
| ● |
| 相关链接 |
|
|
|
|
正题名:教学与思考
索取号:J04/229
 
预约/预借
| 序号 | 登录号 | 条形码 | 馆藏地/架位号 | 状态 | 备注 |
| 1 | 0802359 | 208023592 | 第一样本阅览室/ [索取号:J04/229] | 在馆 | |
| 2 | 0802360 | 208023609 | 第一借阅区/ [索取号:J04/229] | 在馆 | |
| 3 | 0802361 | 208023618 | 第一借阅区/ [索取号:J04/229] | 在馆 | |
| 4 | 0802362 | 208023627 | 第一借阅区/ [索取号:J04/229] | 在馆 | |
| 5 | 0802363 | 208023636 | 美术系资料室/ [索取号:J04/229] | 在馆 |